| 000 | 00794nam a22002057a 4500 | ||
|---|---|---|---|
| 005 | 20180122112831.0 | ||
| 010 | _a1718EN-30 | ||
| 020 |
_a9789380118437 _c295.00 |
||
| 035 | _aB-685979-980 | ||
| 037 |
_bABC _adpl |
||
| 082 | _a070.92 | ||
| 100 | _aSetalvad, Teesta | ||
| 245 |
_aFoot soldier of the constitution / _cby Teesta Setalvad _ba memoir / |
||
| 260 |
_aNew Delhi _bLeft Word Books _c2017 |
||
| 270 |
_a2254/2A, Sadi Khampur, New Ranjit Nagar, _bNew Delhi _e110008 |
||
| 300 | v |
_a221p. _c21cm(pbk) |
|
| 500 | _aIncludes bibliographical references and index | ||
| 942 |
_2ddc _cEN _mSET _h070.92 |
||
| 999 |
_c145476 _d145476 |
||